| 000 | 00356pab a2200145 454500 | ||
|---|---|---|---|
| 008 | 180718b1983 xxu||||| |||| 00| 0 eng d | ||
| 100 | _aLall, Sanjaya | ||
| 245 | _aThe rise of multinationals from the third world | ||
| 260 | _c1983 | ||
| 300 | _a618-26 | ||
| 362 | _aJuly | ||
| 650 | _aJoint Venture | ||
| 773 | _aThird World Quarterly | ||
| 909 | _a11532 | ||
| 999 |
_c11532 _d11532 |
||